000 00906cab a2200253 4500
001 WB2531-12
008 090401t1989 xxu||||| |||| 00| 0 eng d
035 _a(Sirsi) u10559
041 _aeng
245 _aHighway laws and watercourses
260 _c1989
350 _a0
490 _aEstates Gazette
_vno 8931, 5/8/89 p59
520 _aDiscusses the decision in Attorney General (ex rel Yorkshire Derwent Trust Ltd) v Brotherton, ChD 19 December 1988, which centred on public right of navigation on the River Derwent and whether the provisions of the Highways Act 1980 applied to land covered with water.
650 _aHIGHWAYS ACT 1980 S31
650 _aPUBLIC NAVIGATION RIGHTS
650 _aRIGHTS OF WAY ACT 1932 S1
650 _aRIGHTS OF WAY
650 _aRIPARIAN RIGHTS
650 _aRIVERS
690 _aHIGHWAYS RIGHTS OF WAY AND EASEMENTS
942 _n0
948 _c04/03/1997
999 _c6679
_d6679